000 00662nam a2200193Ii 4500
003 JO-AjNU
008 230605s9999||||xx |||||||||||||| ||und||
040 _aJO-AjNU
_bara
_erda
_cJO-AjNU
041 _aara
050 1 4 _aHV 6025.A9288 1980
100 3 _aمحمد، عوض,
_eauthor
_938423
245 0 0 _aمبادىء علم الاجرام
264 3 1 _aالاسكندرية: مؤسسة الثقافة الجامعية، 1980
300 _a325ص
_bيحتوي على ببلوغرافية من 319-325ص
336 _atext
_btxt
_2rdacontent
337 _aunmediated
_bn
_2rdamedia
338 _avolume
_bnc
_2rdacarrier
650 4 _aعلم الاجرام
_938424
999 _aA16142
_c19710
_d19710